000 00333nam a2200133 i 4500
001 bg
100 1 _aZAHORSKI, Stefan
245 0 _aMechanika przepływów cieczy lepkosprężystych /
_cStefan Zahorski.
260 _aWarszawa,
_c1978.
040 _cBPK
041 _apol
942 _cKS
008 s pl f |000 0 pol
999 _c18028
_d18028
856 _uhttp://koha.tu.koszalin.pl/cgi-bin/koha/opac-detail.pl?biblionumber=18028
_yKatalog online BPK